[Event "grenke Chess Open 2025"]
[Site "Karlsruhe GER"]
[Date "2025.04.19"]
[Round "5.7"]
[White "Czopor, Maciej"]
[Black "Saric, Ivan"]
[Result "0-1"]
[WhiteTitle "FM"]
[BlackTitle "GM"]
[WhiteElo "2412"]
[BlackElo "2659"]
[WhiteFideId "21805431"]
[BlackFideId "14508150"]
[EventDate "2025.04.17"]

1. c4 g6 2. Nc3 Bg7 3. d4 Nf6 4. e4 d6 5. Bd3 O-O 6. Nge2 Nc6 7. O-O e5 8. d5
Nd4 9. Nxd4 exd4 10. Ne2 Qe7 11. f3 Nd7 12. Bc2 Ne5 13. Nxd4 Nxc4 14. Rb1 c5 15.
dxc6 bxc6 16. b3 Nb6 17. Kh1 Bb7 18. Re1 Rad8 19. a4 c5 20. Nb5 a6 21. a5 axb5
22. axb6 Bc6 23. b4 Rfe8 24. Be3 Bc3 25. Bd2 Bd4 26. Be3 Bxe3 27. Rxe3 d5 28.
bxc5 dxe4 29. Qe2 Qxc5 30. fxe4 Qxb6 31. e5 Rd4 32. h3 Rh4 33. Kh2 Qd4 34. Rd1
Qf4+ 35. Kg1 Rh5 36. e6 fxe6 37. Bb3 Kg7 38. Rxe6 Rxh3 39. Rxe8 Qh2+ 40. Kf1
Qh1+ 41. Kf2 Qxg2+ 42. Ke1 Qg3+ 43. Qf2 Bxe8 0-1

[Event "grenke Chess Open 2025"]
[Site "Karlsruhe GER"]
[Date "2025.04.19"]
[Round "5.8"]
[White "Indjic, Aleksandar"]
[Black "Di Nicolantonio, Lucas"]
[Result "1/2-1/2"]
[WhiteTitle "GM"]
[BlackTitle "IM"]
[WhiteElo "2644"]
[BlackElo "2414"]
[WhiteFideId "911925"]
[BlackFideId "680460"]
[EventDate "2025.04.17"]

1. Nf3 d5 2. g3 Nf6 3. Bg2 e6 4. O-O Be7 5. c4 O-O 6. d3 c5 7. Ne5 Nbd7 8. Nxd7
Bxd7 9. e4 Bc6 10. Qe2 b5 11. exd5 exd5 12. Nc3 Re8 13. cxb5 Bb7 14. a4 a6 15.
Bf4 Bd6 16. Qd2 Bxf4 17. Qxf4 axb5 18. Nxb5 Ba6 19. b4 Bxb5 20. axb5 Rxa1 21.
Rxa1 Qb6 22. bxc5 Qxc5 23. Rb1 Qb6 24. g4 h6 25. h4 Re2 26. Qf3 Rc2 27. g5 hxg5
28. hxg5 Nd7 29. Qe3 Qxe3 30. fxe3 Nb6 31. e4 dxe4 32. Bxe4 Rc5 33. g6 fxg6 34.
Kf2 Kf7 35. Bc6 Ke6 36. Ra1 Ke5 37. Ke3 Nd5+ 38. Kd2 Ne7 39. Bd7 Kd6 40. Be8 Rc8
41. Bf7 g5 42. Re1 Rc5 43. b6 Re5 44. b7 Rb5 45. Re6+ Kd7 46. Re5 Rxb7 47. Rxg5
g6 48. Bxg6 Nxg6 49. Rxg6 Rb4 1/2-1/2

[Event "grenke Chess Open 2025"]
[Site "Karlsruhe GER"]
[Date "2025.04.19"]
[Round "5.9"]
[White "Postlmayer, Jakob"]
[Black "Ivic, Velimir"]
[Result "1/2-1/2"]
[WhiteTitle "FM"]
[BlackTitle "GM"]
[WhiteElo "2403"]
[BlackElo "2623"]
[WhiteFideId "1643622"]
[BlackFideId "950122"]
[EventDate "2025.04.17"]

1. d4 Nf6 2. c4 g6 3. Nc3 Bg7 4. e4 d6 5. f3 O-O 6. Be3 c5 7. Nge2 Qa5 8. Nc1
cxd4 9. Nb3 Qb6 10. Bxd4 Qd8 11. Be3 Nc6 12. Be2 Be6 13. Rc1 Nd7 14. Qd2 a5 15.
O-O a4 16. Nd4 Nxd4 17. Bxd4 Bxd4+ 18. Qxd4 Qa5 19. Nd5 Bxd5 20. cxd5 Rfc8 21.
h4 h5 22. Kh2 Rc7 23. Rxc7 Qxc7 24. Bb5 Nc5 25. Rc1 Qd8 26. g3 Qa5 27. Be2 e5
28. dxe6 Nxe6 29. Qc3 d5 30. Qxa5 Rxa5 31. exd5 Rxd5 32. Rd1 Rc5 33. Rd2 Kf8 1/2-1/2

[Event "grenke Chess Open 2025"]
[Site "Karlsruhe GER"]
[Date "2025.04.19"]
[Round "5.10"]
[White "Donchenko, Alexander"]
[Black "Schmider, Niklas"]
[Result "1-0"]
[WhiteTitle "GM"]
[BlackTitle "IM"]
[WhiteElo "2617"]
[BlackElo "2406"]
[WhiteFideId "24603295"]
[BlackFideId "12993778"]
[EventDate "2025.04.17"]

1. c4 e6 2. g3 d5 3. Bg2 Nf6 4. Nf3 Be7 5. O-O O-O 6. b3 d4 7. e3 c5 8. Ne5 Qc7
9. f4 Nfd7 10. Nd3 Nc6 11. Na3 e5 12. Bb2 Rd8 13. Qe2 Nf6 14. Nb5 Qb8 15. fxe5
Nxe5 16. Nxe5 Qxe5 17. Qf3 a6 18. exd4 Qb8 19. Nc3 cxd4 20. Nd5 Rxd5 21. cxd5
Bc5 22. Qd3 Bd7 23. a4 Ng4 24. Bxd4 Qa7 25. Rf4 Rc8 26. b4 1-0

[Event "grenke Chess Open 2025"]
[Site "Karlsruhe GER"]
[Date "2025.04.19"]
[Round "5.11"]
[White "Bartel, Mateusz"]
[Black "Stork, Oliver"]
[Result "1-0"]
[WhiteTitle "GM"]
[BlackTitle "FM"]
[WhiteElo "2595"]
[BlackElo "2392"]
[WhiteFideId "1112635"]
[BlackFideId "12955728"]
[EventDate "2025.04.17"]

1. e4 c5 2. Nf3 e6 3. b3 b6 4. d4 cxd4 5. Nxd4 Bb7 6. Nd2 Nc6 7. Nxc6 Bxc6 8.
Bb2 Nf6 9. Bd3 Bb4 10. O-O O-O 11. e5 Nd5 12. Qh5 h6 13. Ne4 Nf4 14. Qg4 Nxd3
15. cxd3 Bxe4 16. Qxe4 Be7 17. Rac1 d5 18. exd6 Qxd6 19. Qg4 e5 20. d4 Bf6 21.
Qg3 Rfe8 22. Rce1 Bg5 23. dxe5 Qd2 24. Bc1 Qxa2 25. f4 Be7 26. f5 Kh7 27. f6
gxf6 28. Qh3 Qc2 29. Qxh6+ Kg8 30. Rf3 Qh7 31. Qf4 fxe5 32. Rxe5 Bc5+ 33. Rxc5
bxc5 34. Rg3+ Kf8 35. Qd6+ Re7 36. Bh6+ 1-0

[Event "grenke Chess Open 2025"]
[Site "Karlsruhe GER"]
[Date "2025.04.19"]
[Round "5.12"]
[White "Sanal, Vahap"]
[Black "Bassini, Emile"]
[Result "1-0"]
[WhiteTitle "GM"]
[BlackTitle "FM"]
[WhiteElo "2550"]
[BlackElo "2383"]
[WhiteFideId "6300545"]
[BlackFideId "26084074"]
[EventDate "2025.04.17"]

1. e4 e6 2. d4 d5 3. Nd2 c5 4. Ngf3 cxd4 5. Nxd4 Ne7 6. exd5 Nxd5 7. Ne4 Be7 8.
c3 O-O 9. Bd3 e5 10. Nf3 f6 11. Ng3 g6 12. Bh6 Rf7 13. Bc4 Be6 14. Qb3 a5 15. a4
Bf8 16. Bxf8 Kxf8 17. O-O-O Rd7 18. Ne4 b6 19. Rd2 Na6 20. Bb5 Rc7 21. Rhd1 Nab4
22. Bc4 Rxc4 23. Qxc4 Rc8 24. Qb5 Kg7 25. Kb1 Bf5 26. cxb4 Bxe4+ 27. Ka1 Qg8 28.
Qd7+ Kh6 29. Rxd5 Bxd5 30. Qxd5 1-0

[Event "grenke Chess Open 2025"]
[Site "Karlsruhe GER"]
[Date "2025.04.19"]
[Round "5.13"]
[White "Garner, Isaac"]
[Black "Woodward, Andy"]
[Result "0-1"]
[BlackTitle "GM"]
[WhiteElo "2377"]
[BlackElo "2536"]
[WhiteFideId "16239261"]
[BlackFideId "30953499"]
[EventDate "2025.04.17"]

1. e4 e5 2. Nf3 Nc6 3. Bc4 Nf6 4. d3 h6 5. c3 d6 6. a4 g6 7. O-O Bg7 8. Re1 O-O
9. h3 Kh7 10. a5 a6 11. Be3 Qe8 12. Nbd2 Be6 13. Qb3 Qd7 14. d4 Bxc4 15. Qxc4
exd4 16. Nxd4 Ne5 17. Qe2 Rfe8 18. f4 Nc6 19. Qf3 Re7 20. Ne2 Rae8 21. Ng3 Nd8
22. Bf2 Qc6 23. Bd4 Ne6 24. Bxf6 Bxf6 25. f5 Bg5 26. fxe6 Bxd2 27. exf7 Rf8 28.
Rf1 Qc4 29. Qg4 h5 30. Qd1 Be3+ 31. Kh1 Rexf7 32. Rxf7+ Rxf7 33. Qd5 Qxd5 34.
exd5 Rf2 35. b4 Bf4 36. Ne4 Re2 37. g3 Bh6 38. Nf6+ Kg7 39. Rf1 Re7 40. h4 Bd2
41. Rf3 Rf7 42. Rd3 Rxf6 43. Rxd2 Rf3 44. c4 Rxg3 45. Re2 Kf7 46. Rf2+ Ke7 47.
Re2+ Kd7 48. Re4 Rb3 49. c5 dxc5 50. bxc5 Rc3 0-1

[Event "grenke Chess Open 2025"]
[Site "Karlsruhe GER"]
[Date "2025.04.19"]
[Round "5.14"]
[White "Subelj, Jan"]
[Black "Pham, Khoi"]
[Result "1-0"]
[WhiteTitle "GM"]
[BlackTitle "IM"]
[WhiteElo "2528"]
[BlackElo "2386"]
[WhiteFideId "14618583"]
[BlackFideId "1054988"]
[EventDate "2025.04.17"]

1. g3 Nf6 2. Bg2 d5 3. Nf3 c5 4. O-O e6 5. c4 d4 6. e3 Nc6 7. d3 h6 8. exd4 cxd4
9. Bf4 Nd7 10. Re1 g5 11. Be5 Ncxe5 12. Nxe5 Nxe5 13. Rxe5 Be7 14. Nd2 O-O 15.
Rc1 Qc7 16. Re1 Bd7 17. Nb3 Rfd8 18. Nxd4 Bf6 19. Ne2 Bc6 20. Nc3 Rd7 21. Nd5
Qd8 22. Nxf6+ Qxf6 23. Rc3 Rad8 24. Re3 Qf5 25. Qe2 Qc5 26. Re5 Qd4 27. Qe3 Qxe3
28. Rxe3 Bxg2 29. Kxg2 Kg7 30. Kf3 Kf6 31. Ke2 h5 32. Rb3 Rh8 33. Re4 Rhd8 34.
h3 Kf5 35. Rb5+ Kf6 36. Re3 a6 37. Rb6 g4 38. h4 Kf5 39. Kd2 e5 40. Kc3 f6 41.
a4 Rc7 42. b4 Rd4 43. Re4 Rd8 44. a5 Rcd7 45. Re3 Rc7 46. b5 axb5 47. Rxb5 Rd6
48. Kb4 Rcd7 49. Rb6 Rd4 50. Kc3 Rc7 51. f4 exf4 52. Ree6 1-0

[Event "grenke Chess Open 2025"]
[Site "Karlsruhe GER"]
[Date "2025.04.19"]
[Round "5.15"]
[White "Barria, Jose"]
[Black "Ten Hertog, Hugo"]
[Result "1/2-1/2"]
[WhiteTitle "FM"]
[BlackTitle "GM"]
[WhiteElo "2368"]
[BlackElo "2528"]
[WhiteFideId "1939300"]
[BlackFideId "1026356"]
[EventDate "2025.04.17"]

1. d4 d5 2. c4 e6 3. Nf3 Nf6 4. Nc3 c6 5. e3 a6 6. b3 Bb4 7. Bd2 O-O 8. Bd3 Nbd7
9. O-O Bd6 10. Rc1 e5 11. cxd5 cxd5 12. dxe5 Nxe5 13. Nxe5 Bxe5 14. h3 d4 15.
exd4 Qxd4 16. Be3 Qh4 17. f4 Bxc3 18. Rxc3 Bxh3 19. Bf2 Qg4 20. Bxh7+ Nxh7 21.
Rxh3 Nf6 22. Bh4 Qxd1 23. Rxd1 Ng4 24. f5 Rfe8 25. Rd4 Ne3 26. Bg5 Nxf5 27. Rd5
Nh6 28. Bxh6 gxh6 29. Rxh6 Rad8 1/2-1/2

[Event "grenke Chess Open 2025"]
[Site "Karlsruhe GER"]
[Date "2025.04.19"]
[Round "5.16"]
[White "Maksimovic, Bojan"]
[Black "Smith, Bryan"]
[Result "1-0"]
[WhiteTitle "IM"]
[BlackTitle "GM"]
[WhiteElo "2512"]
[BlackElo "2374"]
[WhiteFideId "14408120"]
[BlackFideId "2017083"]
[EventDate "2025.04.17"]

1. c4 c5 2. Nf3 Nc6 3. g3 g6 4. Bg2 Bg7 5. Nc3 d6 6. O-O Bf5 7. h3 e5 8. d3 Nge7
9. a3 O-O 10. Rb1 a5 11. Bd2 h6 12. Nd5 Nxd5 13. cxd5 Ne7 14. e4 Bd7 15. Qc1 Kh7
16. b4 cxb4 17. axb4 a4 18. b5 a3 19. Ra1 a2 20. Qb2 Qb6 21. Rxa2 Qxb5 22. Qxb5
Bxb5 23. Rxa8 Rxa8 24. Rb1 Ba6 25. Bf1 Rd8 26. Ba5 Rd7 27. Rc1 f5 28. h4 Ng8 29.
Rc3 Nf6 30. Bh3 Rf7 31. Nd2 h5 32. Nf3 Bh6 33. Ng5+ Bxg5 34. hxg5 Ng4 35. Bb6 f4
36. f3 Ne3 37. Be6 1-0

[Event "grenke Chess Open 2025"]
[Site "Karlsruhe GER"]
[Date "2025.04.19"]
[Round "5.17"]
[White "Paltrinieri, Nicholas"]
[Black "Noe, Christopher"]
[Result "1/2-1/2"]
[WhiteTitle "FM"]
[BlackTitle "IM"]
[WhiteElo "2350"]
[BlackElo "2508"]
[WhiteFideId "828262"]
[BlackFideId "24692018"]
[EventDate "2025.04.17"]

1. e4 c6 2. d4 d5 3. exd5 cxd5 4. Bf4 Nf6 5. c3 Nc6 6. Nd2 Bf5 7. Ngf3 e6 8. Qb3
Qc8 9. Nh4 Bg4 10. h3 Bh5 11. g4 Bg6 12. Nxg6 hxg6 13. Be2 Qd7 14. O-O-O Bd6 15.
Be3 O-O-O 16. h4 Qc7 17. Kb1 Bf4 18. Bf3 Kb8 19. Rc1 Na5 20. Qa4 Nc4 21. Nxc4
dxc4 22. Qc2 Nd5 23. Rce1 Bxe3 24. fxe3 Qg3 25. Qg2 Qxg2 26. Bxg2 Rh7 27. h5
gxh5 28. gxh5 Rdh8 1/2-1/2

[Event "grenke Chess Open 2025"]
[Site "Karlsruhe GER"]
[Date "2025.04.19"]
[Round "5.19"]
[White "Volkov, Mykyta"]
[Black "Roshka, Yevgeniy"]
[Result "0-1"]
[WhiteTitle "FM"]
[BlackTitle "IM"]
[WhiteElo "2331"]
[BlackElo "2488"]
[WhiteFideId "24635910"]
[BlackFideId "14129558"]
[EventDate "2025.04.17"]

1. d4 Nf6 2. c4 e6 3. Nc3 c5 4. d5 d6 5. e4 g6 6. Be2 Bg7 7. Nf3 O-O 8. O-O exd5
9. exd5 Bg4 10. h3 Bxf3 11. Bxf3 Nbd7 12. Bf4 Ne8 13. Re1 Ne5 14. Be2 f5 15. Qc1
Nf7 16. Bd2 Nc7 17. Rb1 Qh4 18. Bf1 Rae8 19. g3 Qf6 20. Kg2 g5 21. f4 gxf4 22.
Bxf4 Kh8 23. Qd2 Bh6 24. Bxh6 Nxh6 25. Rxe8 Nxe8 26. Re1 Ng7 27. Bd3 Nf7 28. Ne2
Ne5 29. Nf4 Rg8 30. Qc3 b6 31. Bf1 Qg5 32. a3 h6 33. h4 Qf6 34. Be2 Kh7 35. Bd1
Qf7 36. Kh3 Re8 37. Bc2 Kg8 38. Rf1 Rf8 39. b3 Ng6 40. b4 Nxf4+ 41. Rxf4 Qe7 42.
bxc5 bxc5 43. Rf3 Qe2 44. Qd3 Qe1 45. Kg2 Re8 46. Rf2 Re3 47. Qf1 Qxf1+ 48. Rxf1
Re2+ 49. Rf2 Rxf2+ 50. Kxf2 Kf7 51. Kf3 Kf6 52. Kf4 Nh5+ 53. Kf3 Ke5 54. Bxf5
Nxg3 55. Bg6 Nf5 56. Kg4 Ng7 57. Bd3 0-1

[Event "grenke Chess Open 2025"]
[Site "Karlsruhe GER"]
[Date "2025.04.19"]
[Round "5.20"]
[White "Sapocinic, Semion"]
[Black "Trost, Edvin"]
[Result "0-1"]
[BlackTitle "IM"]
[WhiteElo "2263"]
[BlackElo "2481"]
[WhiteFideId "13908693"]
[BlackFideId "1729519"]
[EventDate "2025.04.17"]

1. c4 e6 2. Nf3 d5 3. g3 d4 4. Bg2 c5 5. e3 Nc6 6. exd4 cxd4 7. O-O Nf6 8. d3 h6
9. Bf4 Nd7 10. Re1 Bc5 11. Na3 O-O 12. Nc2 a5 13. a3 a4 14. Ne5 Ndxe5 15. Bxe5
Nxe5 16. Rxe5 Qd6 17. Re1 Rb8 18. Nb4 Bd7 19. b3 b5 20. Rb1 bxc4 21. bxc4 Bxb4
22. axb4 Rxb4 23. Qc2 Rfb8 24. Be4 a3 25. c5 Rxb1 26. cxd6 Rxe1+ 27. Kg2 Reb1
28. Qa2 R1b3 29. Qa1 Rc3 30. g4 g6 31. h4 Rb5 32. Qa2 Kg7 33. Kg3 Ra5 34. Kf4
Rcc5 35. Kg3 e5 36. f4 Rc2 37. Qxc2 a2 38. Qc7 a1=Q 39. Qxd7 Qe1+ 40. Kh3 Qe3+ 0-1

[Event "grenke Chess Open 2025"]
[Site "Karlsruhe GER"]
[Date "2025.04.19"]
[Round "5.21"]
[White "Eugene, Floryan"]
[Black "Roser, Kevin"]
[Result "1-0"]
[WhiteTitle "IM"]
[BlackTitle "IM"]
[WhiteElo "2476"]
[BlackElo "2369"]
[WhiteFideId "20694784"]
[BlackFideId "608688"]
[EventDate "2025.04.17"]

1. e4 c5 2. Nf3 Nc6 3. Bb5 g6 4. O-O Bg7 5. Re1 e5 6. Bxc6 dxc6 7. d3 Qe7 8. a3
Nf6 9. Nbd2 O-O 10. b4 Rd8 11. bxc5 Qxc5 12. Nc4 Ne8 13. Be3 Qe7 14. Qb1 f6 15.
a4 b6 16. a5 b5 17. Ncd2 Nc7 18. d4 exd4 19. Nxd4 Bd7 20. Qb3+ Kh8 21. c4 Ne6
22. cxb5 Nxd4 23. Bxd4 cxb5 24. Qb2 Be6 25. Nf3 a6 26. Bb6 Rd3 27. Rad1 Rxd1 28.
Rxd1 Bg4 29. Qc2 Re8 30. Qc6 Rc8 31. Qd5 Be6 32. Qd4 b4 33. Bd8 Qf8 34. h3 b3
35. Qb6 Bg8 36. Rd7 b2 37. Nd2 f5 38. Bc7 fxe4 39. Qb7 Be6 40. Bd6 Qg8 41. Re7
Rd8 42. Qc7 Bf6 43. Be5 Rf8 44. Bxf6+ Rxf6 45. Qe5 Qf8 46. Rxe6 1-0

[Event "grenke Chess Open 2025"]
[Site "Karlsruhe GER"]
[Date "2025.04.19"]
[Round "5.22"]
[White "Nurgaliyeva, Zarina"]
[Black "Pfreundt, Jakob"]
[Result "0-1"]
[WhiteTitle "WFM"]
[BlackTitle "IM"]
[WhiteElo "2199"]
[BlackElo "2467"]
[WhiteFideId "13730096"]
[BlackFideId "12918156"]
[EventDate "2025.04.17"]

1. e4 d6 2. d4 Nf6 3. Nc3 e5 4. Nf3 Nbd7 5. Bc4 Be7 6. O-O O-O 7. a4 c6 8. Ba2
h6 9. Re1 Re8 10. h3 exd4 11. Nxd4 Bf8 12. Bf4 Nc5 13. Qf3 Ne6 14. Nxe6 Bxe6 15.
Bxe6 Rxe6 16. e5 Qe8 17. Qg3 Nh5 18. Qg4 Nxf4 19. Qxf4 dxe5 20. Qe3 b6 21. Ne4
Rd8 22. Qb3 f5 23. Ng3 Qf7 24. Rad1 Rde8 25. Qf3 g6 26. h4 h5 27. Re2 Bh6 28.
Qb3 e4 29. Qc4 Qe7 30. Nf1 Kh8 31. g3 f4 32. Kh2 e3 33. fxe3 fxe3 34. Rde1 Qf6
35. c3 Qf3 36. Qd4+ Kh7 37. Qd7+ R8e7 38. Qd3 Re4 39. b3 Rg4 40. Qd8 Rf7 41. Rg2
Bf4 42. Qd1 Qe4 43. Qe2 Bd6 44. Rd1 Rf2 0-1

[Event "grenke Chess Open 2025"]
[Site "Karlsruhe GER"]
[Date "2025.04.19"]
[Round "5.23"]
[White "Ceres, Dragos"]
[Black "von Mettenheim, Johannes"]
[Result "1/2-1/2"]
[WhiteTitle "IM"]
[WhiteElo "2453"]
[BlackElo "2362"]
[WhiteFideId "13905864"]
[BlackFideId "16244818"]
[EventDate "2025.04.17"]

1. e4 e5 2. Nf3 Nc6 3. Bc4 Bc5 4. O-O d6 5. c3 Bb6 6. d3 h6 7. a4 a6 8. b4 Nge7
9. Qb3 O-O 10. Be3 Ng6 11. Nbd2 Qe7 12. a5 Bxe3 13. fxe3 Kh8 14. Rf2 f5 15. Raf1
f4 16. Kh1 Bd7 17. exf4 Nxf4 18. Ng1 Rf6 19. g3 Nh5 20. Ndf3 Kh7 21. Qd1 Raf8
22. Ng5+ Kg6 23. N5f3 Kh7 24. g4 Bxg4 25. Ng5+ hxg5 26. Qxg4 Kh6 27. Nh3 Rxf2
28. Rxf2 Rxf2 29. Nxf2 g6 30. Qc8 Nd8 31. Ng4+ Kg7 32. Ne3 Nf6 33. Kg2 Qd7 34.
Qxd7+ Nxd7 35. Kf3 Nf6 36. Nd5 Ne8 37. Ne3 Nf6 38. Bb3 Nh5 39. d4 exd4 40. cxd4
Nc6 41. Nc2 Nf4 42. Ba4 Ne7 43. h4 Ne6 44. Bb3 Kf6 45. Bxe6 Kxe6 46. hxg5 d5 47.
Ne3 Kd6 48. Kf4 Ke6 49. Kf3 Kd6 50. Kf4 Ke6 51. Ng2 Nc6 52. Nh4 Nxd4 53. Nxg6
dxe4 54. Kxe4 Nc6 55. Nf4+ Kf7 56. Nd5 Kg6 57. Kf4 b6 58. b5 axb5 59. a6 Na7 60.
Kg4 c5 61. Nf4+ Kg7 62. Kf5 b4 63. Nh5+ Kg8 64. Ke4 b3 65. Kd3 Nb5 66. Nf6+ Kf7
67. Ne4 Kg6 68. Kd2 c4 69. Kc1 Na7 70. Kb2 b5 71. Kc3 Kf5 72. Kb2 Kg6 73. Kc3
Kf5 74. Kb2 Kg6 1/2-1/2

[Event "grenke Chess Open 2025"]
[Site "Karlsruhe GER"]
[Date "2025.04.19"]
[Round "5.24"]
[White "Langner, Robin"]
[Black "Pajeken, Jakob Leon"]
[Result "0-1"]
[BlackTitle "IM"]
[WhiteElo "2061"]
[BlackElo "2435"]
[WhiteFideId "34606190"]
[BlackFideId "12942839"]
[EventDate "2025.04.17"]

1. d4 e6 2. c4 b6 3. e4 Bb4+ 4. Bd2 Bxd2+ 5. Qxd2 d5 6. exd5 exd5 7. Nc3 Ne7 8.
Nf3 O-O 9. O-O-O Nd7 10. g4 Bb7 11. Rg1 dxc4 12. Rg3 Nd5 13. Bxc4 Nxc3 14. Qxc3
Nf6 15. Rh3 Ne4 16. Qc2 Ng5 17. Nxg5 Qxg5+ 18. Kb1 g6 19. f4 Qxf4 20. Qb3 Be4+
21. Ka1 Rae8 22. Rf1 Bg2 0-1

[Event "grenke Chess Open 2025"]
[Site "Karlsruhe GER"]
[Date "2025.04.19"]
[Round "5.25"]
[White "Rubes, Jan"]
[Black "Mohamed, Anees M"]
[Result "1/2-1/2"]
[WhiteTitle "IM"]
[BlackTitle "FM"]
[WhiteElo "2433"]
[BlackElo "2359"]
[WhiteFideId "338176"]
[BlackFideId "35065815"]
[EventDate "2025.04.17"]

1. Nf3 d5 2. g3 Nf6 3. Bg2 Nbd7 4. d3 e5 5. O-O Bc5 6. Nc3 c6 7. e4 dxe4 8. Nxe4
Nxe4 9. dxe4 O-O 10. Qe2 Qe7 11. a4 a5 12. Ne1 Bb6 13. Nd3 Nc5 14. Be3 Ra6 15.
Rfd1 Nxd3 16. Rxd3 Be6 17. b3 Qb4 18. Bc1 Qe7 19. Bb2 f6 20. Ba3 Bc5 21. Bxc5
Qxc5 22. Rad1 Raa8 23. Rd6 Rfe8 24. Bf1 Kh8 25. h4 Qb6 26. Kh2 Rad8 27. Bh3 Bxh3
28. Kxh3 h6 29. Qe3 Qxe3 30. fxe3 Rxd6 31. Rxd6 h5 32. Kg2 Rb8 33. c3 Kg8 34.
Kf3 Kf8 35. Rd7 b5 36. Rc7 bxa4 37. bxa4 Rb2 38. Rxc6 Ra2 39. g4 hxg4+ 40. Kxg4
Kf7 41. h5 Rg2+ 42. Kf3 Rh2 43. Rc7+ Kg8 44. Rc5 Kh7 45. Rxa5 Kh6 46. Ra8 Rc2
47. a5 Rxc3 48. a6 Ra3 49. Kg4 g6 50. hxg6 Kxg6 51. a7 Kg7 52. Kf3 Ra2 53. Kg3
Ra1 54. Kf2 Ra2+ 55. Ke1 Ra1+ 56. Kd2 Ra3 57. Kc2 Ra2+ 58. Kb3 Ra1 59. Kc4 Ra2
60. Kd5 Ra6 61. Kc5 Ra1 62. Kb6 Rb1+ 63. Kc6 Ra1 64. Kd7 Ra2 65. Ke6 Ra1 66. Kf5 1/2-1/2

[Event "grenke Chess Open 2025"]
[Site "Karlsruhe GER"]
[Date "2025.04.19"]
[Round "5.26"]
[White "Killmann, Martin"]
[Black "Harshavardhan, G B"]
[Result "0-1"]
[BlackTitle "IM"]
[WhiteElo "1993"]
[BlackElo "2431"]
[WhiteFideId "24651559"]
[BlackFideId "25059009"]
[EventDate "2025.04.17"]

1. d4 Nf6 2. c4 e6 3. Nc3 Bb4 4. Qc2 d5 5. cxd5 exd5 6. Bg5 h6 7. Bxf6 Qxf6 8.
e3 O-O 9. Nf3 c6 10. Bd3 Bd6 11. h3 a5 12. O-O Bxh3 13. e4 Bxg2 14. Kxg2 Qg6+
15. Kh3 Qe6+ 16. Kg2 Qg4+ 17. Kh1 Qxf3+ 18. Kg1 Qg4+ 19. Kh1 Qh3+ 0-1

[Event "grenke Chess Open 2025"]
[Site "Karlsruhe GER"]
[Date "2025.04.19"]
[Round "5.27"]
[White "Nemec, Jachym"]
[Black "Spitzl, Vinzent"]
[Result "1-0"]
[WhiteTitle "FM"]
[BlackTitle "FM"]
[WhiteElo "2428"]
[BlackElo "2353"]
[WhiteFideId "23716525"]
[BlackFideId "12901253"]
[EventDate "2025.04.17"]

1. Nf3 Nf6 2. g3 d5 3. Bg2 e6 4. O-O Be7 5. d3 O-O 6. Nbd2 a5 7. e4 a4 8. a3 b5
9. e5 Nfd7 10. Re1 c5 11. Nf1 Nc6 12. h4 b4 13. h5 bxa3 14. bxa3 f6 15. exf6
Bxf6 16. Rb1 Nde5 17. N3h2 Bd7 18. Be3 Nd4 19. f4 Nec6 20. Ng4 Be7 21. h6 Be8
22. hxg7 Kxg7 23. Bxd4+ cxd4 24. Rxe6 Bxa3 25. Rb7+ Kh8 26. Qe2 Qc8 27. Rxh7+
Kxh7 28. Bxd5 Kg7 29. Rxc6 Qf5 30. Rc7+ Bf7 31. Bxa8 Rxa8 32. Rxf7+ Qxf7 33.
Qe5+ Kf8 34. Nh6 Qa7 35. Nd2 Qa5 36. Qf6+ Ke8 37. Qe6+ Be7 38. Nc4 Qb4 39. Qc6+ 1-0

[Event "grenke Chess Open 2025"]
[Site "Karlsruhe GER"]
[Date "2025.04.19"]
[Round "5.28"]
[White "Chen, Qingzhi Alexander"]
[Black "Nothnagel, Marian Can"]
[Result "0-1"]
[BlackTitle "FM"]
[WhiteElo "1964"]
[BlackElo "2424"]
[WhiteFideId "16241959"]
[BlackFideId "12921530"]
[EventDate "2025.04.17"]

1. e4 e5 2. Nf3 Nc6 3. Bb5 a6 4. Ba4 Nf6 5. O-O d6 6. Re1 Bd7 7. c3 g6 8. d4 Bg7
9. Nbd2 O-O 10. Nf1 exd4 11. cxd4 b5 12. Bc2 Bg4 13. Be3 Nh5 14. e5 dxe5 15. Be4
exd4 16. Bxc6 dxe3 17. Bxa8 exf2+ 18. Kxf2 Qxa8 19. Qb3 c5 20. a4 c4 21. Qe3 Qb8
22. axb5 axb5 23. Nd4 Qf4+ 24. Qxf4 Nxf4 25. Kg3 Nd3 26. Nxb5 Nxe1 27. Kxg4 Nd3
28. Nd2 Bxb2 29. Ra4 c3 30. Nxc3 Bxc3 31. Ne4 f5+ 32. Kg5 fxe4 33. Rxe4 Bf6+ 34.
Kh6 Ne5 35. Ra4 Nf7# 0-1

[Event "grenke Chess Open 2025"]
[Site "Karlsruhe GER"]
[Date "2025.04.19"]
[Round "5.29"]
[White "Grutter, Tim"]
[Black "Hartge, Gedeon"]
[Result "0-1"]
[WhiteTitle "FM"]
[WhiteElo "2423"]
[BlackElo "2278"]
[WhiteFideId "1057472"]
[BlackFideId "12932116"]
[EventDate "2025.04.17"]

1. e4 c6 2. Nf3 d5 3. Nc3 dxe4 4. Nxe4 Nf6 5. Qe2 Nxe4 6. Qxe4 Qa5 7. b4 Qf5 8.
Qe3 Qe6 9. Be2 Qxe3 10. fxe3 f6 11. d4 e5 12. a3 exd4 13. exd4 a5 14. b5 cxb5
15. Bxb5+ Bd7 16. Rb1 Bb4+ 17. axb4 Bxb5 18. bxa5 Rxa5 19. Bd2 Ra2 20. Rxb5 Ra1+
21. Kf2 Rxh1 22. Rxb7 O-O 23. Be1 Rc8 24. c3 Nc6 25. g3 Re8 26. Rc7 Ne7 27. Rc5
Ng6 28. c4 Nf8 29. Rd5 g5 30. h3 h5 31. Bb4 Rb1 32. Bd2 g4 33. Nh2 Rb2 34. Nf1
gxh3 35. Rxh5 Ne6 36. Kf3 Nxd4+ 37. Kg4 Re4+ 38. Kxh3 Ne2 39. Be3 Rxc4 40. Rf5
Kg7 41. g4 Kg6 42. Rf3 Rc3 43. Kh4 Rb7 44. Ng3 Nxg3 45. Kxg3 Rbb3 46. Kf4 Rc4+
47. Kg3 Ra4 48. Bf4 Rbb4 49. Rf2 Rc4 50. Rf3 Rc2 51. Rd3 Rcc4 52. Rf3 Rcb4 53.
Rf2 Rb1 54. Kg2 Raa1 55. Be3 Rg1+ 56. Kf3 Ra4 57. Bf4 Ra3+ 58. Be3 Rb1 59. Re2
Rb4 60. Rc2 Raa4 61. Rg2 Rc4 62. Rg1 Rab4 63. Rg2 Rb3 64. Ra2 Rc6 65. Kf4 Rb1
66. Kf3 Rc3 67. Re2 Rbc1 68. Kf2 R1c2 69. Rxc2 Rxc2+ 70. Kf3 Ra2 71. Kf4 Ra4+
72. Kf3 Kf7 73. Bb6 Ke6 74. Bc7 Rc4 75. Bb8 Kd5 76. Bg3 Rb4 77. Bh4 f5 78. Be7
fxg4+ 79. Kg3 Ra4 80. Bd8 Ke6 81. Bc7 Kf5 82. Kg2 Ra2+ 83. Kg3 Ra3+ 84. Kg2 Rc3
85. Bd6 Rd3 86. Bc7 Kg5 87. Be5 Rb3 88. Bc7 Rc3 89. Bd6 Rd3 90. Be5 Kf5 91. Bc7
Kg6 92. Bb8 Kh5 93. Be5 Kg5 94. Bg7 Rd7 95. Be5 Re7 96. Bd6 Re2+ 97. Kg3 Re3+
98. Kf2 Rd3 99. Bb4 g3+ 100. Kg2 Kg4 101. Be1 Ra3 0-1